[Event "Vojvodina-ch 6th"]
[Site "Novi Sad"]
[Date "2015.07.30"]
[Round "8"]
[White "Nadj Hedjesi, Balind"]
[Black "Tuturin, Sergey"]
[Result "1-0"]
[WhiteElo "2410"]
[BlackElo "2242"]
[PlyCount "83"]
[EventDate "2015.07.25"]
[EventType "swiss"]
[EventRounds "9"]
[EventCountry "YUG"]
[SourceTitle "CBM 167 Extra"]
[Source "ChessBase"]
[SourceDate "2015.09.14"]
[SourceVersion "1"]
[SourceVersionDate "2015.09.14"]
[SourceQuality "1"]

1. Nc3 e6 2. g4 d5 3. Bg2 h5 4. gxh5 Nf6 5. e4 d4 6. Nce2 Nxh5 7. d3 e5 8. Nf3 c5 9. Nxe5 Qf6 10. Nc4 Nc6 11. Ng3 Qg6 12. e5 Nxg3 13. hxg3 Bg4 14. f3 Rxh1+ 15. Bxh1 Be6 16. Bf4 Bxc4 17. dxc4 Nb4 18. Kd2 0-0-0 19. Bg2 Qf5 20. a3 g5 21. axb4 gxf4 22. Qh1 Kb8 23. Qh4 Re8 24. gxf4 Qe6 25. b3 Bh6 26. Re1 Qb6 27. bxc5 Qa5+ 28. Ke2 Rg8 29. Bh1 Qc3 30. Qxh6 Qxc2+ 31. Kf1 Qd3+ 32. Kf2 Qd2+ 33. Re2 Qd1 34. Qd6+ Kc8 35. Bg2 Rxg2+ 36. Kxg2 Qxe2+ 37. Kg3 d3 38. Qf8+ Kd7 39. Qxf7+ Kd8 40. e6 Qe1+ 41. Kg4 Qg1+ 42. Kf5 1-0

[Event "Vojvodina-ch 6th"]
[Site "Novi Sad"]
[Date "2015.07.25"]
[Round "2"]
[White "Matovic, Mihajlo Z"]
[Black "Tuturin, Sergey"]
[Result "1/2-1/2"]
[WhiteElo "2100"]
[BlackElo "2242"]
[PlyCount "84"]
[EventDate "2015.07.25"]
[EventType "swiss"]
[EventRounds "9"]
[EventCountry "YUG"]
[SourceTitle "CBM 167 Extra"]
[Source "ChessBase"]
[SourceDate "2015.09.14"]
[SourceVersion "1"]
[SourceVersionDate "2015.09.14"]
[SourceQuality "1"]

1. e4 e6 2. d4 d5 3. e5 c5 4. c3 Qb6 5. Nf3 Bd7 6. Bd3 Bb5 7. 0-0 Bxd3 8. Qxd3 Qa6 9. Qd1 Nc6 10. Be3 cxd4 11. cxd4 Nge7 12. Nc3 Nf5 13. a3 Qb6 14. b4 Be7 15. Na4 Qb5 16. Rc1 a5 17. Nc3 Qb6 18. Na4 Qa6 19. b5 Qxb5 20. Rb1 Qa6 21. Rb6 Qc4 22. Rxb7 Rb8 23. Nb2 Qa6 24. Rxb8+ Nxb8 25. Qa4+ Nc6 26. Rc1 Kd7 27. Nd3 Rb8 28. Bg5 Qb5 29. Qxb5 Rxb5 30. Bxe7 Nfxe7 31. Nc5+ Ke8 32. g4 h6 33. Kg2 Kd8 34. Rc3 Kc7 35. h4 g6 36. Kg3 Rb1 37. Nb3 Kb6 38. Nc5 Rb5 39. Kf4 Kc7 40. Ke3 Rb1 41. Nb3 Kb6 42. Nc5 Kc7 1/2-1/2

[Event "Aegean op 30th"]
[Site "Aghios Kirykos"]
[Date "2007.07.08"]
[Round "2"]
[White "Ornithopoulos, Nikolaos"]
[Black "Tuturin, Sergey"]
[Result "1/2-1/2"]
[WhiteElo "2039"]
[BlackElo "2269"]
[PlyCount "155"]
[EventDate "2007.07.07"]
[EventType "swiss"]
[EventRounds "9"]
[EventCountry "GRE"]
[SourceTitle "CBM 119 Extra"]
[Source "ChessBase"]
[SourceDate "2007.09.04"]
[SourceVersion "1"]
[SourceVersionDate "2007.09.04"]
[SourceQuality "1"]

1. d4 f5 2. c4 Nf6 3. Nc3 d6 4. g3 g6 5. Bg2 Bg7 6. Qb3 c6 7. h4 Qb6 8. Nf3 Qxb3 9. axb3 Na6 10. Rxa6 bxa6 11. Ne5 Rb8 12. Nxc6 Rxb3 13. Na5 Rb4 14. b3 Ne4 15. Nxe4 fxe4 16. Ba3 Rb8 17. e3 Bf5 18. 0-0 0-0 19. c5 d5 20. b4 Rfc8 21. Rc1 e5 22. dxe5 Bxe5 23. Bf1 d4 24. exd4 Bxd4 25. Bxa6 e3 26. f3 Re8 27. Bc4+ Kg7 28. Be2 Bd3 29. Bxd3 e2+ 30. Kg2 e1Q 31. Rxe1 Rxe1 32. Nc6 Rg1+ 33. Kh2 Ra1 34. Nxb8 Rxa3 35. Be4 Rb3 36. Nc6 Be3 37. Kg2 a6 38. Kf1 Rb2 39. g4 Kf6 40. Bd3 Bd2 41. g5+ Kg7 42. Bxa6 Bxb4 43. Nd8 Rc2 44. c6 Ba5 45. Ne6+ Kf7 46. Nd4 Rc3 47. Bb7 Bb6 48. Nb5 Rxf3+ 49. Ke2 Rf2+ 50. Kd3 Rh2 51. c7 Bxc7 52. Nxc7 Rxh4 53. Bf3 Ke7 54. Ke3 Kd6 55. Ne8+ Ke5 56. Nf6 Ra4 57. Nxh7 Ra3+ 58. Kf2 Kf4 59. Be2 Ra7 60. Nf8 Kxg5 61. Nxg6 Kxg6 62. Ke3 Ra4 63. Bd3+ Kf6 64. Kd2 Ra3 65. Kc2 Ke5 66. Bh7 Kd4 67. Kb2 Rg3 68. Bf5 Rc3 69. Bg6 Kc4 70. Bf7+ Kb4 71. Bg6 Rg3 72. Be4 Re3 73. Bf5 Re2+ 74. Ka1 Kb3 75. Bg6 Re1+ 76. Bb1 Re7 77. Bf5 Re5 78. Bg6 1/2-1/2

[Event "Pardubice op-A"]
[Site "Pardubice"]
[Date "2006.07.23"]
[Round "3"]
[White "Zawadzka, Beata"]
[Black "Tuturin, Sergey"]
[Result "1/2-1/2"]
[WhiteElo "2359"]
[BlackElo "2245"]
[PlyCount "72"]
[EventDate "2006.07.21"]
[EventType "swiss"]
[EventRounds "9"]
[EventCountry "CZE"]
[SourceTitle "CBM 113 Extra"]
[Source "ChessBase"]
[SourceDate "2006.09.14"]
[SourceVersion "1"]
[SourceVersionDate "2006.09.14"]
[SourceQuality "1"]

1. d4 d5 2. c4 e5 3. dxe5 d4 4. Nf3 Nc6 5. a3 a5 6. g3 Nge7 7. Bg2 Ng6 8. 0-0 Be6 9. Nbd2 Qd7 10. b3 Rd8 11. Ne4 Bf5 12. Ne1 Ngxe5 13. Nd3 Nxd3 14. exd3 Be7 15. Bd2 0-0 16. f4 Bg4 17. Qc2 f5 18. Ng5 Bxg5 19. fxg5 Rde8 20. Rae1 Rxe1 21. Rxe1 Re8 22. Qb1 Ne5 23. Kf2 b6 24. Bf4 Qd6 25. b4 axb4 26. axb4 h6 27. gxh6 gxh6 28. h3 Bh5 29. Qc1 c5 30. bxc5 bxc5 31. Qd2 Qf6 32. Bd5+ Kh7 33. Rb1 Re7 34. Re1 Re8 35. Rb1 Re7 36. Re1 Re8 1/2-1/2

[Event "St Petersburg White Nights op"]
[Site "St Petersburg"]
[Date "2000.07.01"]
[Round "8"]
[White "Tuturin, Sergey"]
[Black "Novikov, Mikhail V"]
[Result "0-1"]
[WhiteElo "2253"]
[BlackElo "2408"]
[PlyCount "104"]
[EventDate "2000.06.23"]
[EventType "swiss"]
[EventRounds "9"]
[EventCountry "RUS"]
[SourceTitle "CBM 076 Extra"]
[Source "ChessBase"]
[SourceDate "2000.07.11"]
[SourceVersion "1"]
[SourceVersionDate "2000.07.11"]
[SourceQuality "1"]

1. e4 c5 2. Nf3 d6 3. d4 cxd4 4. Nxd4 Nf6 5. Nc3 a6 6. Bc4 e6 7. Bb3 b5 8. Bg5 Be7 9. Qf3 Qb6 10. 0-0-0 0-0 11. Rhe1 Nbd7 12. Qg3 Nc5 13. f4 Bb7 14. Bh6 Ne8 15. f5 e5 16. Nf3 d5 17. f6 Nxb3+ 18. axb3 Qxf6 19. Bg5 Qd6 20. Bxe7 Qxe7 21. Nxd5 Bxd5 22. Rxd5 f6 23. Red1 Qb4 24. Qe1 Qxe1 25. Nxe1 Nc7 26. Rd7 Ne6 27. Nd3 Rfd8 28. Nc5 Rxd7 29. Nxd7 Kf7 30. b4 Rc8 31. b3 Nd4 32. Nc5 a5 33. c3 axb4 34. cxd4 exd4 35. Rxd4 Rxc5+ 36. Kd2 Ke6 37. Rd3 Rg5 38. g3 Rh5 39. h4 Rc5 40. Rd8 Rc3 41. Rd3 Ke5 42. Rd5+ Kxe4 43. Rxb5 Rxb3 44. g4 Kf4 45. Rb7 g5 46. Rxh7 Kxg4 47. hxg5 fxg5 48. Rb7 Kg3 49. Kc2 Re3 50. Rxb4 g4 51. Kd2 Re8 52. Rb7 Kf2 0-1

[Event "St Petersburg White Nights op"]
[Site "St Petersburg"]
[Date "2000.06.29"]
[Round "6"]
[White "Tuturin, Sergey"]
[Black "Kuzmina, Olga"]
[Result "1-0"]
[WhiteElo "2253"]
[BlackElo "2188"]
[PlyCount "41"]
[EventDate "2000.06.23"]
[EventType "swiss"]
[EventRounds "9"]
[EventCountry "RUS"]
[SourceTitle "CBM 076 Extra"]
[Source "ChessBase"]
[SourceDate "2000.07.11"]
[SourceVersion "1"]
[SourceVersionDate "2000.07.11"]
[SourceQuality "1"]

1. e4 e5 2. Nf3 Nc6 3. Nc3 Nf6 4. g3 d5 5. exd5 Nxd5 6. Bg2 Nxc3 7. bxc3 Bc5 8. 0-0 0-0 9. Re1 f6 10. Nh4 Ne7 11. Qe2 Kh8 12. Rb1 Re8 13. d4 exd4 14. Qh5 f5 15. Bg5 c6 16. cxd4 Bd6 17. Bf1 b5 18. c4 Ba6 19. c5 Bc7 20. Ng6+ Kg8 21. Nxe7+ 1-0

[Event "Budapest FS08 IM"]
[Site "Budapest"]
[Date "1999.08.11"]
[Round "5"]
[White "Tuturin, Sergey"]
[Black "Serrer, Christoph"]
[Result "0-1"]
[WhiteElo "2268"]
[BlackElo "2257"]
[PlyCount "87"]
[EventDate "1999.08.05"]
[EventType "tourn"]
[EventRounds "13"]
[EventCountry "HUN"]
[EventCategory "3"]
[SourceTitle "CBM 071 Extra"]
[Source "ChessBase"]
[SourceDate "1999.09.14"]
[SourceVersion "1"]
[SourceVersionDate "1999.09.14"]
[SourceQuality "1"]

1. e4 c6 2. d4 d5 3. Nd2 dxe4 4. Nxe4 Bf5 5. Ng3 Bg6 6. h4 h6 7. f4 e6 8. h5 Bh7 9. Nf3 Nf6 10. Bd3 Bxd3 11. Qxd3 Qa5+ 12. Bd2 Qa6 13. Qxa6 Nxa6 14. 0-0-0 Bd6 15. Ne5 0-0 16. Rhe1 Rfe8 17. Ne4 Nxe4 18. Rxe4 Rad8 19. Ba5 Rc8 20. g4 c5 21. Bc3 Rcd8 22. g5 hxg5 23. fxg5 Bxe5 24. Rxe5 cxd4 25. Bxd4 Nb4 26. Re4 Nxa2+ 27. Kb1 Nb4 28. Rh1 Nc6 29. Bc3 e5 30. h6 gxh6 31. gxh6 f5 32. Re2 Kh7 33. Rh5 f4 34. Rg2 Rg8 35. Rgh2 Rdf8 36. Bxe5 f3 37. Rf2 Rg2 38. Bg7 Rf4 39. Rf1 f2 40. Rhh1 Rfg4 41. Bf8 b6 42. Bd6 Rg1 43. Bh2 Rxh1 44. Rxh1 0-1

[Event "Budapest FS08 IM"]
[Site "Budapest"]
[Date "1999.08.08"]
[Round "2"]
[White "Williams, Paul"]
[Black "Tuturin, Sergey"]
[Result "0-1"]
[WhiteElo "2270"]
[BlackElo "2268"]
[PlyCount "48"]
[EventDate "1999.08.05"]
[EventType "tourn"]
[EventRounds "13"]
[EventCountry "HUN"]
[EventCategory "3"]
[SourceTitle "CBM 071 Extra"]
[Source "ChessBase"]
[SourceDate "1999.09.14"]
[SourceVersion "1"]
[SourceVersionDate "1999.09.14"]
[SourceQuality "1"]

1. Nf3 e6 2. c4 Nf6 3. Nc3 Bb4 4. Qb3 c5 5. a3 Bxc3 6. Qxc3 0-0 7. b4 b6 8. e3 d6 9. Bb2 Nc6 10. Be2 e5 11. d3 Qe7 12. 0-0 Bg4 13. h3 Bd7 14. Rfe1 Ne8 15. d4 e4 16. b5 Nd8 17. Nd2 f5 18. f3 Qh4 19. fxe4 fxe4 20. Rf1 Nf6 21. dxc5 Bxh3 22. Nxe4 Bxg2 23. Rf4 Qh1+ 24. Kf2 Nxe4# 0-1

[Event "Novgorod op"]
[Site "Novgorod"]
[Date "1999.03.22"]
[Round "4"]
[White "Chepukaitis, Genrikh"]
[Black "Tuturin, Sergey"]
[Result "1/2-1/2"]
[WhiteElo "2415"]
[BlackElo "2248"]
[PlyCount "84"]
[EventDate "1999.03.19"]
[EventType "swiss"]
[EventRounds "10"]
[EventCountry "RUS"]
[SourceTitle "CBM 069 Extra"]
[Source "ChessBase"]
[SourceDate "1999.05.10"]
[SourceVersion "1"]
[SourceVersionDate "1999.05.10"]
[SourceQuality "1"]

1. d4 f5 2. Bg5 Nf6 3. e3 d6 4. Bxf6 exf6 5. c4 Be6 6. Qb3 Qc8 7. Nc3 g6 8. g3 Nd7 9. Bg2 c6 10. Nge2 b5 11. d5 bxc4 12. Qxc4 Ne5 13. Qa4 Bd7 14. dxc6 Bxc6 15. Bxc6+ Qxc6 16. Qxc6+ Nxc6 17. Nd5 Rb8 18. b3 Nb4 19. Nxb4 Rxb4 20. Rc1 Kd7 21. Nc3 Ke6 22. Ne2 Rb7 23. h4 h5 24. Rc8 Bg7 25. Nf4+ Kf7 26. Rxh8 Bxh8 27. Kd2 Rc7 28. Rc1 Rxc1 29. Kxc1 g5 30. Ne2 f4 31. gxf4 gxh4 32. Ng1 f5 33. Kc2 Ke6 34. b4 d5 35. f3 Kd6 36. Kd3 Kc6 37. a4 a6 38. e4 dxe4+ 39. fxe4 fxe4+ 40. Kxe4 Bc3 41. b5+ axb5 42. axb5+ Kxb5 1/2-1/2

[Event "Novgorod op"]
[Site "Novgorod"]
[Date "1999.03.21"]
[Round "3"]
[White "Tuturin, Sergey"]
[Black "Grechihin, Valery"]
[Result "1-0"]
[WhiteElo "2248"]
[BlackElo "2556"]
[PlyCount "73"]
[EventDate "1999.03.19"]
[EventType "swiss"]
[EventRounds "10"]
[EventCountry "RUS"]
[SourceTitle "CBM 069 Extra"]
[Source "ChessBase"]
[SourceDate "1999.05.10"]
[SourceVersion "1"]
[SourceVersionDate "1999.05.10"]
[SourceQuality "1"]

1. e4 e5 2. Nf3 Nc6 3. Nc3 Nf6 4. g3 Bc5 5. Bg2 d6 6. d3 Bg4 7. h3 Bxf3 8. Qxf3 Nd4 9. Qd1 h6 10. Na4 Qd7 11. Nxc5 dxc5 12. Be3 0-0-0 13. Qd2 Rhe8 14. Qc3 Qa4 15. Bxd4 cxd4 16. Qb3 Qd7 17. a4 Qe6 18. Qxe6+ Rxe6 19. a5 c5 20. h4 Kc7 21. Bh3 Ra6 22. Ke2 Kc6 23. c4 Rb8 24. Rhb1 b5 25. b4 cxb4 26. Rxb4 Kc5 27. Rb3 b4 28. f4 g5 29. fxe5 g4 30. exf6 gxh3 31. Rf1 h2 32. Rf5+ Kc6 33. Rb1 Kd6 34. Kf2 Rc6 35. Rd5+ Ke6 36. Kg2 Rd6 37. Rb5 1-0

[Event "Novgorod op"]
[Site "Novgorod"]
[Date "1999.03.20"]
[Round "2"]
[White "Iljushin, Alexei"]
[Black "Tuturin, Sergey"]
[Result "1-0"]
[WhiteElo "2484"]
[BlackElo "2248"]
[PlyCount "69"]
[EventDate "1999.03.19"]
[EventType "swiss"]
[EventRounds "10"]
[EventCountry "RUS"]
[SourceTitle "CBM 069 Extra"]
[Source "ChessBase"]
[SourceDate "1999.05.10"]
[SourceVersion "1"]
[SourceVersionDate "1999.05.10"]
[SourceQuality "1"]

1. d4 f5 2. Nf3 Nf6 3. g3 g6 4. Bg2 Bg7 5. 0-0 0-0 6. b4 d6 7. c4 Qe8 8. Bb2 h6 9. Nc3 g5 10. d5 Qh5 11. e3 Bd7 12. Nd4 Qxd1 13. Rfxd1 Na6 14. Ba3 Ng4 15. Nce2 Ne5 16. Rac1 Rab8 17. c5 Ba4 18. Rd2 b5 19. c6 Nc4 20. Rxc4 bxc4 21. Nc3 Bxd4 22. exd4 Bb5 23. Bf1 e6 24. Nxb5 Nxb4 25. Bxc4 exd5 26. Bf1 Nxc6 27. Nxc7 Rb1 28. Nxd5 f4 29. gxf4 gxf4 30. f3 Rf5 31. Nc3 Re1 32. Ne2 Na5 33. Kf2 Rb1 34. Bh3 Rg5 35. Bxd6 1-0

[Event "RUS-Cup03 Geller Memorial"]
[Site "Moscow"]
[Date "1999.02.13"]
[Round "4"]
[White "Belov, Vladimir"]
[Black "Tuturin, Sergey"]
[Result "1-0"]
[WhiteElo "2349"]
[BlackElo "2248"]
[PlyCount "91"]
[EventDate "1999.02.10"]
[EventType "swiss"]
[EventRounds "9"]
[EventCountry "RUS"]
[SourceTitle "CBM 070"]
[Source "ChessBase"]
[SourceDate "1999.06.08"]
[SourceVersion "1"]
[SourceVersionDate "1999.06.08"]
[SourceQuality "1"]

1. e4 e6 2. d4 d5 3. Nc3 Nf6 4. Bg5 dxe4 5. Nxe4 Be7 6. Bxf6 Bxf6 7. Nf3 0-0 8. c3 Be7 9. Bd3 Nd7 10. Qe2 b6 11. Neg5 g6 12. Qe4 Bb7 13. Qh4 h5 14. Qg3 Bxf3 15. Nxf3 Bd6 16. Qh3 Qf6 17. 0-0-0 Qf4+ 18. Nd2 Qg5 19. g3 c5 20. f4 Qg4 21. Qf1 h4 22. Nc4 Be7 23. Ne3 Qh5 24. d5 e5 25. d6 Bd8 26. Be2 Qh8 27. Bb5 exf4 28. Nd5 Nf6 29. Ne7+ Kg7 30. gxf4 Qh5 31. Rg1 Ne4 32. Bc6 Nxd6 33. Rxd6 Bxe7 34. Rd5 Qh6 35. Bxa8 Rxa8 36. Rd7 Kf8 37. Qf3 Re8 38. Re1 g5 39. Rdxe7 Rxe7 40. Qa8+ Kg7 41. Rxe7 Qf6 42. Qe4 gxf4 43. Qe5 Qxe5 44. Rxe5 Kg6 45. Kd2 f5 46. Ke2 1-0

[Event "RUS-Cup03 Geller Memorial"]
[Site "Moscow"]
[Date "1999.02.09"]
[Round "8"]
[White "Gusev, Yuri S"]
[Black "Tuturin, Sergey"]
[Result "1/2-1/2"]
[WhiteElo "2285"]
[BlackElo "2248"]
[PlyCount "61"]
[EventDate "1999.02.10"]
[EventType "swiss"]
[EventRounds "9"]
[EventCountry "RUS"]
[SourceTitle "CBM 070"]
[Source "ChessBase"]
[SourceDate "1999.06.08"]
[SourceVersion "1"]
[SourceVersionDate "1999.06.08"]
[SourceQuality "1"]

1. f4 d5 2. Nf3 Nf6 3. e3 e6 4. b3 c5 5. Bb2 Be7 6. Bb5+ Bd7 7. Qe2 0-0 8. Bxd7 Nbxd7 9. c4 Qc7 10. Nc3 a6 11. 0-0 Rac8 12. Kh1 Rfd8 13. Nd1 Qc6 14. d3 b5 15. cxb5 axb5 16. Nf2 c4 17. dxc4 bxc4 18. Rfc1 Bb4 19. a3 Be7 20. b4 Nb6 21. Bd4 Na4 22. Qc2 Nd7 23. Rab1 Ra8 24. f5 Nab6 25. Ra1 Bf6 26. Bxf6 Nxf6 27. Nd4 Qd6 28. fxe6 fxe6 29. Nb5 Qc6 30. Nd4 Qd6 31. Nb5 1/2-1/2

[Event "RUS-Cup02"]
[Site "Moscow"]
[Date "1998.??.??"]
[Round "1"]
[White "Kotsur, Pavel"]
[Black "Tuturin, Sergey"]
[Result "1-0"]
[WhiteElo "2500"]
[BlackElo "2240"]
[PlyCount "95"]
[EventDate "1998.01.21"]
[EventType "swiss"]
[EventRounds "9"]
[EventCountry "RUS"]
[SourceTitle "EXT 1999"]
[Source "ChessBase"]
[SourceDate "1998.11.16"]
[SourceVersion "1"]
[SourceVersionDate "1998.11.16"]
[SourceQuality "1"]

1. e4 e6 2. d4 d5 3. Nd2 Nf6 4. e5 Nfd7 5. Bd3 c5 6. c3 Nc6 7. Ne2 Qb6 8. Nf3 cxd4 9. cxd4 f6 10. exf6 Nxf6 11. 0-0 Bd6 12. Nc3 Bd7 13. Bg5 0-0 14. Re1 Rae8 15. Rc1 a6 16. Na4 Qa7 17. Bb1 e5 18. dxe5 Nxe5 19. Nxe5 Bxa4 20. Qxa4 Rxe5 21. Be3 Qb8 22. h3 Qe8 23. Qb3 Qe7 24. Red1 Re8 25. Qd3 Re4 26. Qc3 Rc4 27. Qb3 Rb4 28. Qd3 Qe5 29. g3 Qh5 30. Bd4 Ne4 31. a3 Rb5 32. Kg2 Rf8 33. Re1 Ng5 34. h4 Nf3 35. Re3 Nxd4 36. Qxd4 Qf7 37. f4 b6 38. b4 Be7 39. Rc7 Qf6 40. Qxf6 Bxf6 41. Bd3 d4 42. Re6 Rh5 43. Rxb6 a5 44. b5 Ra8 45. Bc4+ Kf8 46. Rbb7 h6 47. Rf7+ Ke8 48. Rxf6 1-0

[Event "Pardubice Czech op"]
[Site "Pardubice"]
[Date "1998.??.??"]
[Round "4"]
[White "Priehoda, Vitezslav"]
[Black "Tuturin, Sergey"]
[Result "0-1"]
[WhiteElo "2370"]
[BlackElo "2230"]
[PlyCount "50"]
[EventDate "1998.07.??"]
[EventType "swiss"]
[EventRounds "9"]
[EventCountry "CZE"]
[SourceTitle "EXT 2000"]
[Source "ChessBase"]
[SourceDate "1999.11.16"]
[SourceVersion "1"]
[SourceVersionDate "1999.11.16"]
[SourceQuality "1"]

1. d4 f5 2. Nf3 Nf6 3. c4 g6 4. b3 Bg7 5. Bb2 d6 6. Nbd2 0-0 7. Qc2 Nc6 8. a3 Qe8 9. b4 e5 10. dxe5 Nxe5 11. Nxe5 dxe5 12. e3 e4 13. Be2 f4 14. c5 Bf5 15. exf4 e3 16. Qb3+ Be6 17. Nc4 exf2+ 18. Kxf2 Ne4+ 19. Ke1 Rxf4 20. Bxg7 Nxc5 21. Qe3 Bxc4 22. Bxc4+ Kxg7 23. Qxe8 Rxe8+ 24. Be2 Rfe4 25. Ra2 Nd3+ 0-1

[Event "Pardubice Czech op"]
[Site "Pardubice"]
[Date "1998.??.??"]
[Round "5"]
[White "Tuturin, Sergey"]
[Black "Biolek, Richard"]
[Result "1-0"]
[WhiteElo "2230"]
[BlackElo "2425"]
[PlyCount "187"]
[EventDate "1998.07.??"]
[EventType "swiss"]
[EventRounds "9"]
[EventCountry "CZE"]
[SourceTitle "EXT 2000"]
[Source "ChessBase"]
[SourceDate "1999.11.16"]
[SourceVersion "1"]
[SourceVersionDate "1999.11.16"]
[SourceQuality "1"]

1. e4 e6 2. d4 d5 3. e5 c5 4. c3 Nc6 5. Nf3 Bd7 6. Be3 cxd4 7. cxd4 Qb6 8. Qd2 Rc8 9. Be2 Na5 10. 0-0 Nc4 11. Bxc4 Rxc4 12. b3 Bb4 13. Qb2 Rc8 14. a3 Be7 15. Nbd2 Nh6 16. Bxh6 gxh6 17. Rfc1 0-0 18. Rxc8 Rxc8 19. Rc1 Rxc1+ 20. Qxc1 Qc6 21. Qb2 Qa6 22. Nb1 Qd3 23. Nc3 a5 24. h3 Bc6 25. Ne2 a4 26. b4 Bb5 27. Ng3 Bc4 28. Nh5 Qf5 29. Ng3 Qg6 30. Kh2 Kf8 31. Ne2 Qd3 32. Nc3 b5 33. Qc1 Ke8 34. Qe3 Qc2 35. Qd2 Qxd2 36. Nxd2 Bg5 37. Ncb1 f6 38. h4 Bf4+ 39. g3 Bxd2 40. Nxd2 Kf7 41. h5 Be2 42. f3 f5 43. Kg2 Bd3 44. Kf2 f4 45. g4 Kf8 46. Nf1 Kf7 47. Nh2 Kf8 48. Kg2 Kf7 49. Kh3 Kf8 50. Kh4 Kg7 51. g5 hxg5+ 52. Kxg5 h6+ 53. Kxf4 Bf5 54. Nf1 Bd3 55. Ng3 Kf7 56. Ke3 Bb1 57. Nf1 Ke7 58. Nh2 Kf7 59. Ng4 Kg7 60. Nf6 Kf7 61. Nd7 Ke7 62. Nc5 Ba2 63. Nb7 Bc4 64. Nd6 Bf1 65. f4 Bc4 66. f5 Bf1 67. fxe6 Kxe6 68. Kf4 Be2 69. Ne8 Kf7 70. Nf6 Ke6 71. Ng4 Bd1 72. Nxh6 Bxh5 73. Ng4 Bg6 74. Ne3 Bd3 75. Ng2 Be4 76. Ne1 Bb1 77. Nf3 Bc2 78. Ne1 Bb1 79. Ke3 Bh7 80. Nd3 Ke7 81. Nc5 Bb1 82. Kf4 Bc2 83. Kg5 Bb1 84. Na6 Bd3 85. e6 Bb1 86. Nc7 Be4 87. Kf4 Kd6 88. e7 Kxe7 89. Ke5 Kd7 90. Nxb5 Kc6 91. Nc3 Bh1 92. Nxa4 Kb5 93. Nb2 Be4 94. Kf4 1-0

[Event "RUS-Cup"]
[Site "Krasnoyarsk"]
[Date "1998.??.??"]
[Round "1"]
[White "Tuturin, Sergey"]
[Black "Khasin, Alexander"]
[Result "0-1"]
[WhiteElo "2240"]
[BlackElo "2495"]
[PlyCount "56"]
[EventDate "1998.??.??"]
[EventType "swiss"]
[EventRounds "9"]
[EventCountry "RUS"]
[SourceTitle "EXT 2000"]
[Source "ChessBase"]
[SourceDate "1999.11.16"]
[SourceVersion "1"]
[SourceVersionDate "1999.11.16"]
[SourceQuality "1"]

1. e4 c5 2. Nf3 Nc6 3. d4 cxd4 4. Nxd4 Nf6 5. Nc3 d6 6. Bc4 Qb6 7. Nde2 e6 8. 0-0 Be7 9. Bb3 0-0 10. Qd3 Rd8 11. Qg3 Ne5 12. Be3 Qa6 13. Bd4 b5 14. f4 Nc6 15. Bxf6 Bxf6 16. a3 Na5 17. e5 Be7 18. f5 dxe5 19. f6 Bc5+ 20. Kh1 g6 21. Ne4 Bf8 22. Rad1 Bb7 23. N2c3 Nxb3 24. cxb3 b4 25. axb4 Rxd1 26. Rxd1 Rd8 27. Qe1 Rd4 28. b5 Qb6 0-1

[Event "RUS-Cup02"]
[Site "Moscow"]
[Date "1998.??.??"]
[Round "7"]
[White "Tuturin, Sergey"]
[Black "Koniushkov, Igor"]
[Result "0-1"]
[WhiteElo "2240"]
[BlackElo "2395"]
[PlyCount "73"]
[EventDate "1998.01.21"]
[EventType "swiss"]
[EventRounds "9"]
[EventCountry "RUS"]
[SourceTitle "EXT 1999"]
[Source "ChessBase"]
[SourceDate "1998.11.16"]
[SourceVersion "1"]
[SourceVersionDate "1998.11.16"]
[SourceQuality "1"]

1. e4 Nf6 2. e5 Nd5 3. c4 Nb6 4. d4 d6 5. f4 Bf5 6. Be3 dxe5 7. fxe5 e6 8. Nc3 Bb4 9. Nf3 c5 10. Qb3 Nc6 11. dxc5 Nd7 12. 0-0-0 Qe7 13. Nb5 Nxc5 14. Bxc5 Bxc5 15. Nd6+ Bxd6 16. exd6 Qd7 17. Qc3 0-0 18. Rd2 b6 19. Bd3 Bxd3 20. Rxd3 Rac8 21. b3 f6 22. Kb2 e5 23. Re1 Rfe8 24. Rd5 Re6 25. Red1 a5 26. a3 e4 27. Nd4 Nxd4 28. Qxd4 Rc6 29. Re1 Rcxd6 30. Rxe4 Rxd5 31. cxd5 Rd6 32. a4 Rxd5 33. Qxb6 Kf7 34. Ka3 h5 35. Re2 h4 36. Rc2 Qe7+ 37. Rc5 0-1

[Event "Pardubice Czech op"]
[Site "Pardubice"]
[Date "1998.??.??"]
[Round "1"]
[White "Tuturin, Sergey"]
[Black "Nizamov, Ildar"]
[Result "0-1"]
[WhiteElo "2230"]
[BlackElo "2400"]
[PlyCount "62"]
[EventDate "1998.07.??"]
[EventType "swiss"]
[EventRounds "9"]
[EventCountry "CZE"]
[SourceTitle "EXT 2000"]
[Source "ChessBase"]
[SourceDate "1999.11.16"]
[SourceVersion "1"]
[SourceVersionDate "1999.11.16"]
[SourceQuality "1"]

1. e4 c5 2. Nf3 e6 3. Qe2 Nc6 4. g3 g6 5. Bg2 Bg7 6. d3 d6 7. 0-0 Nge7 8. c3 0-0 9. Na3 Rb8 10. Nc2 e5 11. c4 h6 12. h3 a6 13. Nh2 b5 14. Ng4 Kh7 15. b3 bxc4 16. dxc4 f5 17. exf5 gxf5 18. Nge3 e4 19. Rb1 Nd4 20. Qd2 Ng6 21. Nd5 Be6 22. Bb2 Bxd5 23. cxd5 Qg5 24. Qxg5 hxg5 25. Na3 Nf3+ 26. Bxf3 exf3 27. Bxg7 Kxg7 28. Nc4 Rh8 29. h4 Nxh4 30. gxh4 Rxh4 31. Nxd6 Rg4+ 0-1